Nirvana Album song Quiz #3 In utero - Statistics

General Stats
  • This quiz has been taken 601 times
  • The average score is 9 of 12
Answer Stats
Hint Answer % Correct
3 Heart shaped box
96%
4 Rape me
90%
12 All apologies
88%
1 Serve the servants
84%
6 Dumb
81%
9 Pennyroyal tea
79%
8 Milk it
76%
2 Scentless Apprentice
76%
5 Frances farmer will have her revenge on seattle
73%
7 Very Ape
71%
11 Tourette's
70%
10 Radio friendly unit shifter
66%
No matching quizzes found
Score Distribution
Percent of People with Each Score
Percentile by Number Answered
Your Score History
You have not taken this quiz